000 00522nam a2200145Ia 4500
008 231129s2011||||xx |||||||||||||| ||spa||
020 _a978-958-722-130-5
040 _bspa
082 _a621.37 Ll791f
100 _aLlamosa Rincón Luis Enrique
245 0 _aFundamentos para el sistema de gestión de un laboratorio de metrologí­a de campos electromagnéticos no ionizantes
260 _c2011
264 _aPereira Colombia: Universidad Tecnológica de Pereira
942 _2ddc
_cBKS
999 _c14299
_d14299